<?xml version="1.0" encoding="UTF-8"?>
<record
    xmlns:xsi="http://www.w3.org/2001/XMLSchema-instance"
    xsi:schemaLocation="http://www.loc.gov/MARC21/slim http://www.loc.gov/standards/marcxml/schema/MARC21slim.xsd"
    xmlns="http://www.loc.gov/MARC21/slim">

  <leader>01412nam0a22003011  4500</leader>
  <controlfield tag="001">RU\INFOCOMM_322\NLR\5000081973</controlfield>
  <controlfield tag="005">20250613102649.0</controlfield>
  <datafield tag="035" ind1=" " ind2=" ">
    <subfield code="a">(NLR Aleph) 009449432</subfield>
  </datafield>
  <datafield tag="090" ind1=" " ind2=" ">
    <subfield code="a">8396271</subfield>
    <subfield code="c">8396271</subfield>
  </datafield>
  <datafield tag="100" ind1=" " ind2=" ">
    <subfield code="a">20121130d1986    |||y0rusy50      ca</subfield>
  </datafield>
  <datafield tag="101" ind1="0" ind2=" ">
    <subfield code="a">eng</subfield>
    <subfield code="d">rus</subfield>
  </datafield>
  <datafield tag="102" ind1=" " ind2=" ">
    <subfield code="a">RU</subfield>
  </datafield>
  <datafield tag="105" ind1=" " ind2=" ">
    <subfield code="a">y   z   |||||</subfield>
  </datafield>
  <datafield tag="200" ind1="1" ind2=" ">
    <subfield code="a">Investigation of the O*+ - O*- transitions in *16O(p, p&#xB4;)*16O and *16O(p, n)*16F reactions at 35&#x2264;Ep&#x2264;135 MeV</subfield>
    <subfield code="f">F. A. Gareev, M. Gmitro, S. N. Ershov, P. P. Korovin</subfield>
  </datafield>
  <datafield tag="210" ind1=" " ind2=" ">
    <subfield code="a">&#x414;&#x443;&#x431;&#x43D;&#x430;</subfield>
    <subfield code="c">&#x41E;&#x431;&#x44A;&#x435;&#x434;. &#x438;&#x43D;-&#x442; &#x44F;&#x434;&#x435;&#x440;. &#x438;&#x441;&#x441;&#x43B;&#x435;&#x434;.</subfield>
    <subfield code="d">1986</subfield>
  </datafield>
  <datafield tag="215" ind1=" " ind2=" ">
    <subfield code="a">10 &#x441;.</subfield>
    <subfield code="c">&#x433;&#x440;&#x430;&#x444;.</subfield>
    <subfield code="d">21 &#x441;&#x43C;</subfield>
  </datafield>
  <datafield tag="225" ind1="1" ind2=" ">
    <subfield code="a">&#x421;&#x43E;&#x43E;&#x431;&#x449;&#x435;&#x43D;&#x438;&#x44F; &#x41E;&#x431;&#x44A;&#x435;&#x434;&#x438;&#x43D;&#x435;&#x43D;&#x43D;&#x43E;&#x433;&#x43E; &#x438;&#x43D;&#x441;&#x442;&#x438;&#x442;&#x443;&#x442;&#x430; &#x44F;&#x434;&#x435;&#x440;&#x43D;&#x44B;&#x445; &#x438;&#x441;&#x441;&#x43B;&#x435;&#x434;&#x43E;&#x432;&#x430;&#x43D;&#x438;&#x439;, &#x414;&#x443;&#x431;&#x43D;&#x430;</subfield>
    <subfield code="v">&#x415;4-86-21</subfield>
  </datafield>
  <datafield tag="300" ind1=" " ind2=" ">
    <subfield code="a">&#x41D;&#x430; 3-&#x439; &#x441;. &#x43E;&#x431;&#x43B;.: &#x418;&#x441;&#x441;&#x43B;&#x435;&#x434;&#x43E;&#x432;&#x430;&#x43D;&#x438;&#x435; O*+ - O*- &#x43F;&#x435;&#x440;&#x435;&#x445;&#x43E;&#x434;&#x43E;&#x432; &#x432; &#x440;&#x435;&#x430;&#x43A;&#x446;&#x438;&#x44F;&#x445; *16O(p, p&#xB4;)*16O &#x438; *16O(p, n)*16F &#x43F;&#x440;&#x438; 35&#x2264;Ep&#x2264;135 &#x41C;&#x44D;&#x412; / &#x413;&#x430;&#x440;&#x435;&#x435;&#x432; &#x424;. &#x410;. &#x438; &#x434;&#x440;.</subfield>
  </datafield>
  <datafield tag="300" ind1=" " ind2=" ">
    <subfield code="a">&#x420;&#x435;&#x437;. &#x43D;&#x430; &#x440;&#x443;&#x441;. &#x44F;&#x437;.</subfield>
  </datafield>
  <datafield tag="320" ind1=" " ind2=" ">
    <subfield code="a">&#x411;&#x438;&#x431;&#x43B;&#x438;&#x43E;&#x433;&#x440;.: &#x441;. 9-10</subfield>
  </datafield>
  <datafield tag="606" ind1=" " ind2=" ">
    <subfield code="a">&#x410;&#x442;&#x43E;&#x43C;&#x43D;&#x43E;&#x435; &#x44F;&#x434;&#x440;&#x43E;</subfield>
    <subfield code="x">&#x42F;&#x434;&#x435;&#x440;&#x43D;&#x44B;&#x435; &#x440;&#x435;&#x430;&#x43A;&#x446;&#x438;&#x438; &#x43F;&#x440;&#x438; &#x43C;&#x430;&#x43B;&#x44B;&#x445; &#x44D;&#x43D;&#x435;&#x440;&#x433;&#x438;&#x44F;&#x445;</subfield>
    <subfield code="9">1047620</subfield>
    <subfield code="3">RU\NLR\AUTH\6686381</subfield>
  </datafield>
  <datafield tag="686" ind1=" " ind2=" ">
    <subfield code="a">&#x412;383.54</subfield>
    <subfield code="2">rubbk</subfield>
  </datafield>
  <datafield tag="701" ind1=" " ind2="1">
    <subfield code="a">Gareev</subfield>
    <subfield code="b">F. A.</subfield>
    <subfield code="g">Fangil' Achmatgareevi&#x10D;</subfield>
  </datafield>
  <datafield tag="801" ind1=" " ind2="1">
    <subfield code="a">RU</subfield>
    <subfield code="b">NLR</subfield>
    <subfield code="c">20121130</subfield>
  </datafield>
  <datafield tag="801" ind1=" " ind2="0">
    <subfield code="a">RU</subfield>
    <subfield code="b">INFOCOMM</subfield>
    <subfield code="g">PSBO</subfield>
  </datafield>
  <datafield tag="852" ind1=" " ind2=" ">
    <subfield code="a">NLR</subfield>
    <subfield code="j">&#x424;&#x437;01 &#x414;-4/4160</subfield>
  </datafield>
  <datafield tag="942" ind1=" " ind2=" ">
    <subfield code="c">BOOK</subfield>
  </datafield>
  <datafield tag="980" ind1=" " ind2=" ">
    <subfield code="a">NB</subfield>
  </datafield>
  <datafield tag="995" ind1=" " ind2=" ">
    <subfield code="5">2013-10-26</subfield>
    <subfield code="b">NLR01</subfield>
    <subfield code="c">NLR01</subfield>
    <subfield code="e">IF</subfield>
    <subfield code="f">9449432-10</subfield>
    <subfield code="k">&#x424;&#x437;01 &#x414;-4/4160</subfield>
    <subfield code="o">0</subfield>
    <subfield code="r">BOOK</subfield>
    <subfield code="s">01_44160</subfield>
  </datafield>
</record>
